London, Paris, Berlin, or Rome? - Statistics

General Stats
  • This quiz has been taken 1,170 times
  • The average score is 9 of 15
Answer Stats
Question Answer % Correct
Was divided in two for much of the twentieth century Berlin
98%
Is home to Heathrow Airport London
98%
Is home to the Mona Lisa Paris
95%
Was founded in 753 BC by a pair of twins Rome
92%
Surrounds a country Rome
88%
Was never conquered by the Roman empire Berlin
71%
Was the center of the Enlightenment Paris
58%
Is home to the most visited zoo in Europe Berlin
52%
Has the largest area London
50%
Is closest to the ocean Rome
43%
Was first to reach over 1 million people Rome
36%
Is furthest north Berlin
34%
Receives the most tourists yearly London
20%
Most recently hosted the olympics London
19%
Had the least deaths from bombings in World War II Paris
16%
No matching quizzes found
Score Distribution
Percent of People with Each Score
Percentile by Number Answered
Your Score History
You have not taken this quiz